000 01004nam a2200277Ia 4500
003 OSt
005 20221005110010.0
006 a|||||r|||| 00| 0
007 ta
008 221004b |||||||| |||| 00| 0 hin d
020 _a9788126050543 (hbk)
_cINR 500.00
024 _a36679
037 _bBW/1664, 14/03/2018, Bookwell
_cTextual
040 _aCRL
_cCRL
_bhin
041 _2hin
_ahin
082 _aV2y7M69, 152Q6
100 _aमहांति, शरत कुमार, ले.
245 0 _aगॉंधी मानुष
246 _aGaॉandhī mānuṣha
260 _aनई दिल्ली
_bसाहित्य अकादेमी भारत
_c2016
300 _a732पृ0
_ccm.
650 _a भारत-इतिहास
_9156353
650 _aमहात्मा गांधी
942 _hV2y7M69, 152Q6
_cTEXL
_2cc
999 _c1017474
_d1017474